00575nam a22001697a 450000500170000001000130001702000260003003500130005603700150006908200130008410000170009724500990011426000410021327000750025430000260032950000500035520180228114110.0 aB-689622 a9780670088911c599.00 aB-689622 bAakaradpl a954.0317 aZahir Dehlvi aDastan-e-ghadar:cby Zahir Dehlvi translated from Urdu by Rana Safvibthe tale of the munity/ aGargaonbPenguin Random House c2017 a7th Floor, Infinity Tower, DLF Cyber city, bGargaon, Haryana e122002 axvii,327p.c20cm(hb)  aIncludes bibliographical references and index